Loading...
| Fine Arts - Classical Music | 0 | 4 | 0 | 3 | 40 | 118 | 122.75 | 0 | 0 | 0.23 | 5.83 |
| Social Science | 0 | 3 | 0 | 1 | 30 | 36 | 71.00 | 0 | 1 | 8.83 | 12.82 |
| History - Other | 0 | 3 | 0 | 0 | 30 | 93 | 108.33 | 0 | 1 | 3.43 | 12.88 |
| Fine Arts - Painting and Sculpture | 0 | 3 | 1 | 0 | 25 | 60 | 90.00 | 1 | 1 | 7.47 | 16.78 |
| Fine Arts - Other | 0 | 3 | 1 | 0 | 25 | 66 | 87.67 | 2 | 3 | 8.95 | 23.02 |
| Literature - American | 0 | 2 | 0 | 2 | 20 | 142 | 143.00 | 0 | 0 | 0.00 | 4.31 |
| Literature - British | 0 | 2 | 0 | 0 | 20 | 63 | 102.50 | 0 | 1 | 4.51 | 13.00 |
| Science - Biology | 0 | 2 | 1 | 1 | 15 | 85 | 105.50 | 0 | 1 | 1.94 | 7.75 |
| History - American | 0 | 1 | 0 | 0 | 10 | 56 | 56.00 | 0 | 1 | 4.50 | 8.33 |
| History - World | 0 | 1 | 0 | 0 | 10 | 80 | 80.00 | 0 | 0 | 2.87 | 4.90 |
| Religion | 0 | 1 | 0 | 0 | 10 | 101 | 101.00 | 0 | 0 | 1.11 | 3.50 |
| Science - Other | 0 | 1 | 0 | 0 | 10 | 85 | 85.00 | 0 | 0 | 1.52 | 4.55 |
| Science - Chemistry | 0 | 1 | 1 | 0 | 5 | 85 | 85.00 | 0 | 0 | 1.44 | 3.79 |
| Popular Culture | 0 | 0 | 1 | 0 | -5 | 0.00 | 0 | 0 | 0.00 | 0.00 |